Statistics for U.S. Cities With A Chase Tower

Click here to take the quiz!

General Stats

  • This quiz has been taken 23 times
  • The average score is 10 of 16

Answer Stats

NameCityHeight% Correct
Chase Tower Property Management Office Dallas738′
100%
383 Madison AvenueNew York City755′
100%
Chase TowerDetroit140′
94%
JPMorgan Chase TowerHouston1,002′
94%
Salesforce TowerIndianapolis811′
94%
JPMorgan Chase BuildingSan Francisco420′
94%
Chase BankPhoenix483′
83%
1125 17th StreetDenver363′
78%
Chase TowerMilwaukee288′
67%
Chase TowerOklahoma City844′
67%
Chase TowerEl Paso296
61%
The Metropolitan (Chase Tower)Rochester392′
28%
First Bank Southwest Tower Amarillo374′
17%
Chase BankWilmington331′
11%
Chase TowerEnglewood141′
0%
Chase Texas TowerMcAllen223′
0%

Score Distribution

Percentile by Number Answered

Percent of People with Each Score

Your Score History

You have not taken this quiz